Thực trạng và giải pháp phát triển tổ hợp tác nông nghiệp vùng đồng bằng sông Cửu Long /
Shranjeno v:
| Glavni avtor: | |
|---|---|
| Drugi avtorji: | |
| Format: | Bài viết |
| Jezik: | Vietnamese |
| Teme: | |
| Oznake: |
Označite
Brez oznak, prvi označite!
|
| Thư viện lưu trữ: | Thư viện Trường Đại học Đà Lạt |
|---|
| LEADER | 00908nam a2200277 4500 | ||
|---|---|---|---|
| 001 | DLU190192193 | ||
| 005 | ##20190904 | ||
| 040 | # | # | |a DLU |b vie |
| 041 | # | # | |a vie |
| 044 | # | # | |a vn |
| 100 | # | # | |a Hoàng Vũ Quang. |
| 245 | # | # | |a Thực trạng và giải pháp phát triển tổ hợp tác nông nghiệp vùng đồng bằng sông Cửu Long / |c Hoàng Vũ Quang, Hoàng Minh Huy. |
| 653 | # | # | |a Đồng bằng sông Cửu Long |
| 653 | # | # | |a Chính sách |
| 653 | # | # | |a Liên kết |
| 653 | # | # | |a Tổ hợp tác |
| 700 | # | # | |a Hoàng Minh Huy |
| 773 | # | # | |t Nông nghiệp & Phát triển nông thôn |g Số 306+307, 2017, tr. 14-21 |
| 920 | # | # | |a Phòng Tạp chí -- Trung tâm Thông tin - Thư viện Trường Đại học Đà Lạt |
| 900 | # | # | |a True |
| 911 | # | # | |a Nguyễn Thị Thu Phương |
| 925 | # | # | |a G |
| 926 | # | # | |a A |
| 927 | # | # | |a BB |
| 980 | # | # | |a Thư viện Trường Đại học Đà Lạt |